Nové trendy v marketingovej komunikácii

Účinky klasického 4P marketingu sa dostávajú do krízy. Novou rozvíjajúcou sa tendenciou, čo sa týka komunikačnej politiky je Guerrilla marketing. Je to nekonvenčný, univerzálny marketing, ktorý tvorí maximálny zisk z minimálnych investícií. Jeho obľúbenosť v súčasnosti medzi podnikateľmi neustále st...

Descrizione completa

Salvato in:
Dettagli Bibliografici
Autore principale: Hrušovská, Dana, 1964-
Natura: Capitolo di libro
Lingua:slovacco
Soggetti:
Tags: Aggiungi Tag
Nessun Tag, puoi essere il primo ad aggiungerne!!

MARC

LEADER 00000naa$a2200000$$$4500
001 0113317
005 20240502072247.5
041 0 |a slo 
044 |a SK 
245 1 0 |a Nové trendy v marketingovej komunikácii  |c Dana Hrušovská 
520 |a Účinky klasického 4P marketingu sa dostávajú do krízy. Novou rozvíjajúcou sa tendenciou, čo sa týka komunikačnej politiky je Guerrilla marketing. Je to nekonvenčný, univerzálny marketing, ktorý tvorí maximálny zisk z minimálnych investícií. Jeho obľúbenosť v súčasnosti medzi podnikateľmi neustále stúpa. je kreatívny, využíva originalitu a fantáziu. Guerrilla marketing je neustále opakovanie drobných útokov, ktorými si daná firma získava pozornosť, provokuje verejnosť, vyvoláva paniku a šokuje. Podobné črty majú aj ďalšie marketingové trendy - virálny marketing, buzz marketing, udercover marketing, skúsenostný marketing - stručná charakteristika. Web marketing - gamevertising, Astroturfing. Neuromarketing. 
610 2 0 |a marketing 
610 2 0 |a marketing ofenzívny 
610 2 0 |a internet 
610 2 0 |a nástroje marketingové 
100 1 |a Hrušovská, Dana, 1964-